<?xml version="1.0" encoding="UTF-8"?>
<collection xmlns="http://www.loc.gov/MARC21/slim">
<record xmlns="http://www.loc.gov/MARC21/slim">
	<controlfield tag="001">708298</controlfield>
   <datafield tag="961" ind1="" ind2="">
      <subfield code="c">20040503</subfield>
      <subfield code="h">0700</subfield>
      <subfield code="l">IEX01</subfield>
      <subfield code="x">20040503</subfield>
   </datafield>
   <datafield tag="970" ind1="" ind2="">
      <subfield code="a">000068753IEX</subfield>
   </datafield>
   <datafield tag="980" ind1="" ind2="">
      <subfield code="a">UNKNOWN</subfield>
   </datafield>
   <datafield tag="980" ind1="" ind2="">
      <subfield code="c">DELETED</subfield>
   </datafield>
</record>

<record>
  <controlfield tag="001">680232</controlfield>
  <controlfield tag="005">20121211102352.0</controlfield>
  <datafield tag="980" ind1=" " ind2=" ">
    <subfield code="c">DELETED</subfield>
  </datafield>
</record>
<record>
  <controlfield tag="001">646224</controlfield>
  <controlfield tag="003">SzGeCERN</controlfield>
  <datafield tag="110" ind1=" " ind2=" ">
    <subfield code="a">Victor Ebner Institut</subfield>
  </datafield>
  <datafield tag="270" ind1=" " ind2=" ">
    <subfield code="b">Geneve</subfield>
  </datafield>
  <datafield tag="270" ind1=" " ind2=" ">
    <subfield code="d">SWITZERLAND</subfield>
  </datafield>
  <datafield tag="916" ind1=" " ind2=" ">
    <subfield code="s">n</subfield>
    <subfield code="w">200829</subfield>
  </datafield>
  <datafield tag="960" ind1=" " ind2=" ">
    <subfield code="a">70</subfield>
  </datafield>
  <datafield tag="961" ind1=" " ind2=" ">
    <subfield code="c">20080718</subfield>
    <subfield code="h">0606</subfield>
    <subfield code="l">IEX01</subfield>
    <subfield code="x">20080718</subfield>
  </datafield>
  <datafield tag="963" ind1=" " ind2=" ">
    <subfield code="a">PUBLIC</subfield>
  </datafield>
  <datafield tag="970" ind1=" " ind2=" ">
    <subfield code="a">000068102IEX</subfield>
  </datafield>
  <datafield tag="980" ind1=" " ind2=" ">
    <subfield code="a">SCHOOL</subfield>
  </datafield>
</record>
<record>
  <controlfield tag="001">638260</controlfield>
  <controlfield tag="005">20121211102352.0</controlfield>
  <datafield tag="980" ind1=" " ind2=" ">
    <subfield code="c">DELETED</subfield>
  </datafield>
</record>
<record>
  <controlfield tag="001">638259</controlfield>
  <controlfield tag="005">20121211102352.0</controlfield>
  <datafield tag="980" ind1=" " ind2=" ">
    <subfield code="c">DELETED</subfield>
  </datafield>
</record>
<record>
  <controlfield tag="001">5202</controlfield>
  <controlfield tag="005">20150626205309.0</controlfield>
  <datafield tag="961" ind1=" " ind2=" ">
    <subfield code="c">20070330</subfield>
    <subfield code="h">0700</subfield>
    <subfield code="l">IEX01</subfield>
    <subfield code="x">20070330</subfield>
  </datafield>
  <datafield tag="970" ind1=" " ind2=" ">
    <subfield code="a">000067371IEX</subfield>
  </datafield>
  <datafield tag="980" ind1=" " ind2=" ">
    <subfield code="a">UNKNOWN</subfield>
  </datafield>
  <datafield tag="980" ind1=" " ind2=" ">
    <subfield code="c">DELETED</subfield>
  </datafield>
</record>
<record>
  <controlfield tag="001">5192</controlfield>
  <controlfield tag="005">20150626205310.0</controlfield>
  <datafield tag="980" ind1=" " ind2=" ">
    <subfield code="c">DELETED</subfield>
  </datafield>
</record>
<record>
  <controlfield tag="001">2249</controlfield>
  <controlfield tag="005">20150626205730.0</controlfield>
  <datafield tag="980" ind1=" " ind2=" ">
    <subfield code="c">DELETED</subfield>
  </datafield>
</record>
<record>
  <controlfield tag="001">1653</controlfield>
  <controlfield tag="005">20150626205844.0</controlfield>
  <datafield tag="980" ind1=" " ind2=" ">
    <subfield code="c">DELETED</subfield>
  </datafield>
</record>
<record>
  <controlfield tag="001">1567</controlfield>
  <controlfield tag="005">20150626205859.0</controlfield>
  <datafield tag="980" ind1=" " ind2=" ">
    <subfield code="c">DELETED</subfield>
  </datafield>
</record>
<record>
  <controlfield tag="001">1559</controlfield>
  <controlfield tag="005">20150626205859.0</controlfield>
  <datafield tag="980" ind1=" " ind2=" ">
    <subfield code="c">DELETED</subfield>
  </datafield>
</record>
<record>
  <controlfield tag="001">1542</controlfield>
  <controlfield tag="005">20150626205901.0</controlfield>
  <datafield tag="980" ind1=" " ind2=" ">
    <subfield code="c">DELETED</subfield>
  </datafield>
</record>
<record>
  <controlfield tag="001">988</controlfield>
  <controlfield tag="005">20150626210013.0</controlfield>
  <datafield tag="980" ind1=" " ind2=" ">
    <subfield code="c">DELETED</subfield>
  </datafield>
</record>
<record>
  <controlfield tag="001">985</controlfield>
  <controlfield tag="005">20150626210013.0</controlfield>
  <datafield tag="980" ind1=" " ind2=" ">
    <subfield code="c">DELETED</subfield>
  </datafield>
</record>
<record>
  <controlfield tag="001">984</controlfield>
  <controlfield tag="005">20150626210014.0</controlfield>
  <datafield tag="980" ind1=" " ind2=" ">
    <subfield code="c">DELETED</subfield>
  </datafield>
</record>
<record>
  <controlfield tag="001">915</controlfield>
  <controlfield tag="005">20150626210020.0</controlfield>
  <datafield tag="980" ind1=" " ind2=" ">
    <subfield code="c">DELETED</subfield>
  </datafield>
</record>
<record>
  <controlfield tag="001">914</controlfield>
  <controlfield tag="005">20150626210020.0</controlfield>
  <datafield tag="980" ind1=" " ind2=" ">
    <subfield code="c">DELETED</subfield>
  </datafield>
</record>
<record>
  <controlfield tag="001">913</controlfield>
  <controlfield tag="005">20150626210020.0</controlfield>
  <datafield tag="980" ind1=" " ind2=" ">
    <subfield code="c">DELETED</subfield>
  </datafield>
</record>
<record>
  <controlfield tag="001">911</controlfield>
  <controlfield tag="005">20150626210020.0</controlfield>
  <datafield tag="980" ind1=" " ind2=" ">
    <subfield code="c">DELETED</subfield>
  </datafield>
</record>
<record>
  <controlfield tag="001">910</controlfield>
  <controlfield tag="005">20150626210020.0</controlfield>
  <datafield tag="980" ind1=" " ind2=" ">
    <subfield code="c">DELETED</subfield>
  </datafield>
</record>
<record>
  <controlfield tag="001">907</controlfield>
  <controlfield tag="005">20150626210020.0</controlfield>
  <datafield tag="980" ind1=" " ind2=" ">
    <subfield code="c">DELETED</subfield>
  </datafield>
</record>
<record>
  <controlfield tag="001">784</controlfield>
  <controlfield tag="005">20150626204753.0</controlfield>
  <datafield tag="980" ind1=" " ind2=" ">
    <subfield code="c">DELETED</subfield>
  </datafield>
</record>
<record>
  <controlfield tag="001">783</controlfield>
  <controlfield tag="005">20150626204753.0</controlfield>
  <datafield tag="980" ind1=" " ind2=" ">
    <subfield code="c">DELETED</subfield>
  </datafield>
</record>
<record>
  <controlfield tag="001">782</controlfield>
  <controlfield tag="005">20150626204753.0</controlfield>
  <datafield tag="980" ind1=" " ind2=" ">
    <subfield code="c">DELETED</subfield>
  </datafield>
</record>
<record>
  <controlfield tag="001">781</controlfield>
  <controlfield tag="005">20150626204754.0</controlfield>
  <datafield tag="980" ind1=" " ind2=" ">
    <subfield code="c">DELETED</subfield>
  </datafield>
</record>
<record>
  <controlfield tag="001">780</controlfield>
  <controlfield tag="005">20150626204754.0</controlfield>
  <datafield tag="980" ind1=" " ind2=" ">
    <subfield code="c">DELETED</subfield>
  </datafield>
</record>
<record>
  <controlfield tag="001">779</controlfield>
  <controlfield tag="005">20150626204754.0</controlfield>
  <datafield tag="980" ind1=" " ind2=" ">
    <subfield code="c">DELETED</subfield>
  </datafield>
</record>
<record>
  <controlfield tag="001">778</controlfield>
  <controlfield tag="005">20150626204754.0</controlfield>
  <datafield tag="980" ind1=" " ind2=" ">
    <subfield code="c">DELETED</subfield>
  </datafield>
</record>
<record>
  <controlfield tag="001">774</controlfield>
  <controlfield tag="005">20150626204755.0</controlfield>
  <datafield tag="980" ind1=" " ind2=" ">
    <subfield code="c">DELETED</subfield>
  </datafield>
</record>
<record>
  <controlfield tag="001">797</controlfield>
  <controlfield tag="005">20150626204751.0</controlfield>
  <datafield tag="980" ind1=" " ind2=" ">
    <subfield code="c">DELETED</subfield>
  </datafield>
</record>
<record>
  <controlfield tag="001">796</controlfield>
  <controlfield tag="005">20150626204751.0</controlfield>
  <datafield tag="980" ind1=" " ind2=" ">
    <subfield code="c">DELETED</subfield>
  </datafield>
</record>
<record>
  <controlfield tag="001">791</controlfield>
  <controlfield tag="005">20150626204752.0</controlfield>
  <datafield tag="980" ind1=" " ind2=" ">
    <subfield code="c">DELETED</subfield>
  </datafield>
</record>
<record>
  <controlfield tag="001">790</controlfield>
  <controlfield tag="005">20150626204752.0</controlfield>
  <datafield tag="980" ind1=" " ind2=" ">
    <subfield code="c">DELETED</subfield>
  </datafield>
</record>
<record>
  <controlfield tag="001">788</controlfield>
  <controlfield tag="005">20150626204752.0</controlfield>
  <datafield tag="980" ind1=" " ind2=" ">
    <subfield code="c">DELETED</subfield>
  </datafield>
</record>
<record>
  <controlfield tag="001">787</controlfield>
  <controlfield tag="005">20150626204752.0</controlfield>
  <datafield tag="980" ind1=" " ind2=" ">
    <subfield code="c">DELETED</subfield>
  </datafield>
</record>
<record>
  <controlfield tag="001">786</controlfield>
  <controlfield tag="005">20150626204752.0</controlfield>
  <datafield tag="980" ind1=" " ind2=" ">
    <subfield code="c">DELETED</subfield>
  </datafield>
</record>
<record>
  <controlfield tag="001">785</controlfield>
  <controlfield tag="005">20150626204753.0</controlfield>
  <datafield tag="980" ind1=" " ind2=" ">
    <subfield code="c">DELETED</subfield>
  </datafield>
</record>
<record>
  <controlfield tag="001">808</controlfield>
  <controlfield tag="005">20150626204750.0</controlfield>
  <datafield tag="980" ind1=" " ind2=" ">
    <subfield code="c">DELETED</subfield>
  </datafield>
</record>
<record>
  <controlfield tag="001">807</controlfield>
  <controlfield tag="005">20150626204750.0</controlfield>
  <datafield tag="980" ind1=" " ind2=" ">
    <subfield code="c">DELETED</subfield>
  </datafield>
</record>
<record>
  <controlfield tag="001">806</controlfield>
  <controlfield tag="005">20150626204750.0</controlfield>
  <datafield tag="980" ind1=" " ind2=" ">
    <subfield code="c">DELETED</subfield>
  </datafield>
</record>
<record>
  <controlfield tag="001">805</controlfield>
  <controlfield tag="005">20150626204750.0</controlfield>
  <datafield tag="980" ind1=" " ind2=" ">
    <subfield code="c">DELETED</subfield>
  </datafield>
</record>
<record>
  <controlfield tag="001">804</controlfield>
  <controlfield tag="005">20150626204750.0</controlfield>
  <datafield tag="980" ind1=" " ind2=" ">
    <subfield code="c">DELETED</subfield>
  </datafield>
</record>
<record>
  <controlfield tag="001">803</controlfield>
  <controlfield tag="005">20150626204750.0</controlfield>
  <datafield tag="980" ind1=" " ind2=" ">
    <subfield code="c">DELETED</subfield>
  </datafield>
</record>
<record>
  <controlfield tag="001">799</controlfield>
  <controlfield tag="005">20150626204751.0</controlfield>
  <datafield tag="980" ind1=" " ind2=" ">
    <subfield code="c">DELETED</subfield>
  </datafield>
</record>
<record>
  <controlfield tag="001">822</controlfield>
  <controlfield tag="005">20150626204749.0</controlfield>
  <datafield tag="980" ind1=" " ind2=" ">
    <subfield code="c">DELETED</subfield>
  </datafield>
</record>
<record>
  <controlfield tag="001">821</controlfield>
  <controlfield tag="005">20150626204749.0</controlfield>
  <datafield tag="980" ind1=" " ind2=" ">
    <subfield code="c">DELETED</subfield>
  </datafield>
</record>
<record>
  <controlfield tag="001">820</controlfield>
  <controlfield tag="005">20150626204749.0</controlfield>
  <datafield tag="980" ind1=" " ind2=" ">
    <subfield code="c">DELETED</subfield>
  </datafield>
</record>
<record>
  <controlfield tag="001">819</controlfield>
  <controlfield tag="005">20150626204749.0</controlfield>
  <datafield tag="980" ind1=" " ind2=" ">
    <subfield code="c">DELETED</subfield>
  </datafield>
</record>
<record>
  <controlfield tag="001">818</controlfield>
  <controlfield tag="005">20150626204749.0</controlfield>
  <datafield tag="980" ind1=" " ind2=" ">
    <subfield code="c">DELETED</subfield>
  </datafield>
</record>
<record>
  <controlfield tag="001">817</controlfield>
  <controlfield tag="005">20150626204749.0</controlfield>
  <datafield tag="980" ind1=" " ind2=" ">
    <subfield code="c">DELETED</subfield>
  </datafield>
</record>
<record>
  <controlfield tag="001">811</controlfield>
  <controlfield tag="005">20150626204750.0</controlfield>
  <datafield tag="980" ind1=" " ind2=" ">
    <subfield code="c">DELETED</subfield>
  </datafield>
</record>
<record>
  <controlfield tag="001">810</controlfield>
  <controlfield tag="005">20150626204750.0</controlfield>
  <datafield tag="980" ind1=" " ind2=" ">
    <subfield code="c">DELETED</subfield>
  </datafield>
</record>
<record>
  <controlfield tag="001">809</controlfield>
  <controlfield tag="005">20150626204750.0</controlfield>
  <datafield tag="980" ind1=" " ind2=" ">
    <subfield code="c">DELETED</subfield>
  </datafield>
</record>
<record>
  <controlfield tag="001">834</controlfield>
  <controlfield tag="005">20150626204748.0</controlfield>
  <datafield tag="980" ind1=" " ind2=" ">
    <subfield code="c">DELETED</subfield>
  </datafield>
</record>
<record>
  <controlfield tag="001">833</controlfield>
  <controlfield tag="005">20150626204748.0</controlfield>
  <datafield tag="980" ind1=" " ind2=" ">
    <subfield code="c">DELETED</subfield>
  </datafield>
</record>
<record>
  <controlfield tag="001">828</controlfield>
  <controlfield tag="005">20150626204749.0</controlfield>
  <datafield tag="980" ind1=" " ind2=" ">
    <subfield code="c">DELETED</subfield>
  </datafield>
</record>
<record>
  <controlfield tag="001">826</controlfield>
  <controlfield tag="005">20150626204749.0</controlfield>
  <datafield tag="980" ind1=" " ind2=" ">
    <subfield code="c">DELETED</subfield>
  </datafield>
</record>
<record>
  <controlfield tag="001">825</controlfield>
  <controlfield tag="005">20150626204749.0</controlfield>
  <datafield tag="980" ind1=" " ind2=" ">
    <subfield code="c">DELETED</subfield>
  </datafield>
</record>
<record>
  <controlfield tag="001">848</controlfield>
  <controlfield tag="005">20150626204747.0</controlfield>
  <datafield tag="980" ind1=" " ind2=" ">
    <subfield code="c">DELETED</subfield>
  </datafield>
</record>
<record>
  <controlfield tag="001">844</controlfield>
  <controlfield tag="005">20150626204747.0</controlfield>
  <datafield tag="980" ind1=" " ind2=" ">
    <subfield code="c">DELETED</subfield>
  </datafield>
</record>
<record>
  <controlfield tag="001">842</controlfield>
  <controlfield tag="005">20150626204747.0</controlfield>
  <datafield tag="980" ind1=" " ind2=" ">
    <subfield code="c">DELETED</subfield>
  </datafield>
</record>
<record>
  <controlfield tag="001">839</controlfield>
  <controlfield tag="005">20150626204748.0</controlfield>
  <datafield tag="980" ind1=" " ind2=" ">
    <subfield code="c">DELETED</subfield>
  </datafield>
</record>
<record>
  <controlfield tag="001">837</controlfield>
  <controlfield tag="005">20150626204748.0</controlfield>
  <datafield tag="980" ind1=" " ind2=" ">
    <subfield code="c">DELETED</subfield>
  </datafield>
</record>
<record>
  <controlfield tag="001">858</controlfield>
  <controlfield tag="005">20150626204744.0</controlfield>
  <datafield tag="980" ind1=" " ind2=" ">
    <subfield code="c">DELETED</subfield>
  </datafield>
</record>
<record>
  <controlfield tag="001">856</controlfield>
  <controlfield tag="005">20150626204745.0</controlfield>
  <datafield tag="980" ind1=" " ind2=" ">
    <subfield code="c">DELETED</subfield>
  </datafield>
</record>
<record>
  <controlfield tag="001">855</controlfield>
  <controlfield tag="005">20150626204745.0</controlfield>
  <datafield tag="980" ind1=" " ind2=" ">
    <subfield code="c">DELETED</subfield>
  </datafield>
</record>
<record>
  <controlfield tag="001">854</controlfield>
  <controlfield tag="005">20150626204746.0</controlfield>
  <datafield tag="980" ind1=" " ind2=" ">
    <subfield code="c">DELETED</subfield>
  </datafield>
</record>
<record>
  <controlfield tag="001">853</controlfield>
  <controlfield tag="005">20150626204746.0</controlfield>
  <datafield tag="980" ind1=" " ind2=" ">
    <subfield code="c">DELETED</subfield>
  </datafield>
</record>
<record>
  <controlfield tag="001">851</controlfield>
  <controlfield tag="005">20150626204746.0</controlfield>
  <datafield tag="980" ind1=" " ind2=" ">
    <subfield code="c">DELETED</subfield>
  </datafield>
</record>
<record>
  <controlfield tag="001">850</controlfield>
  <controlfield tag="005">20150626204747.0</controlfield>
  <datafield tag="980" ind1=" " ind2=" ">
    <subfield code="c">DELETED</subfield>
  </datafield>
</record>
<record>
  <controlfield tag="001">849</controlfield>
  <controlfield tag="005">20150626204747.0</controlfield>
  <datafield tag="980" ind1=" " ind2=" ">
    <subfield code="c">DELETED</subfield>
  </datafield>
</record>
<record>
  <controlfield tag="001">875</controlfield>
  <controlfield tag="005">20150626210022.0</controlfield>
  <datafield tag="980" ind1=" " ind2=" ">
    <subfield code="c">DELETED</subfield>
  </datafield>
</record>
<record>
  <controlfield tag="001">867</controlfield>
  <controlfield tag="005">20150629093507.0</controlfield>
  <datafield tag="980" ind1=" " ind2=" ">
    <subfield code="c">DELETED</subfield>
  </datafield>
</record>
<record>
  <controlfield tag="001">866</controlfield>
  <controlfield tag="005">20150629093507.0</controlfield>
  <datafield tag="980" ind1=" " ind2=" ">
    <subfield code="c">DELETED</subfield>
  </datafield>
</record>
<record>
  <controlfield tag="001">862</controlfield>
  <controlfield tag="005">20150626204743.0</controlfield>
  <datafield tag="980" ind1=" " ind2=" ">
    <subfield code="c">DELETED</subfield>
  </datafield>
</record>
<record>
  <controlfield tag="001">860</controlfield>
  <controlfield tag="005">20150626204744.0</controlfield>
  <datafield tag="980" ind1=" " ind2=" ">
    <subfield code="c">DELETED</subfield>
  </datafield>
</record>
<record>
  <controlfield tag="001">888</controlfield>
  <controlfield tag="005">20150626210021.0</controlfield>
  <datafield tag="980" ind1=" " ind2=" ">
    <subfield code="c">DELETED</subfield>
  </datafield>
</record>
<record>
  <controlfield tag="001">885</controlfield>
  <controlfield tag="005">20150626210021.0</controlfield>
  <datafield tag="980" ind1=" " ind2=" ">
    <subfield code="c">DELETED</subfield>
  </datafield>
</record>
<record>
  <controlfield tag="001">903</controlfield>
  <controlfield tag="005">20150626210020.0</controlfield>
  <datafield tag="980" ind1=" " ind2=" ">
    <subfield code="c">DELETED</subfield>
  </datafield>
</record>
<record>
  <controlfield tag="001">901</controlfield>
  <controlfield tag="005">20150626210021.0</controlfield>
  <datafield tag="980" ind1=" " ind2=" ">
    <subfield code="c">DELETED</subfield>
  </datafield>
</record>
<record>
  <controlfield tag="001">890</controlfield>
  <controlfield tag="005">20150626210021.0</controlfield>
  <datafield tag="980" ind1=" " ind2=" ">
    <subfield code="c">DELETED</subfield>
  </datafield>
</record>
<record>
  <controlfield tag="001">927</controlfield>
  <controlfield tag="005">20150626210017.0</controlfield>
  <datafield tag="980" ind1=" " ind2=" ">
    <subfield code="c">DELETED</subfield>
  </datafield>
</record>
<record>
  <controlfield tag="001">924</controlfield>
  <controlfield tag="005">20150626210019.0</controlfield>
  <datafield tag="980" ind1=" " ind2=" ">
    <subfield code="c">DELETED</subfield>
  </datafield>
</record>
<record>
  <controlfield tag="001">922</controlfield>
  <controlfield tag="005">20150626210019.0</controlfield>
  <datafield tag="980" ind1=" " ind2=" ">
    <subfield code="c">DELETED</subfield>
  </datafield>
</record>
<record>
  <controlfield tag="001">919</controlfield>
  <controlfield tag="005">20150626210019.0</controlfield>
  <datafield tag="980" ind1=" " ind2=" ">
    <subfield code="c">DELETED</subfield>
  </datafield>
</record>
<record>
  <controlfield tag="001">917</controlfield>
  <controlfield tag="005">20150626210020.0</controlfield>
  <datafield tag="980" ind1=" " ind2=" ">
    <subfield code="c">DELETED</subfield>
  </datafield>
</record>
<record>
  <controlfield tag="001">939</controlfield>
  <controlfield tag="005">20150626210016.0</controlfield>
  <datafield tag="980" ind1=" " ind2=" ">
    <subfield code="c">DELETED</subfield>
  </datafield>
</record>
<record>
  <controlfield tag="001">933</controlfield>
  <controlfield tag="005">20150626210017.0</controlfield>
  <datafield tag="980" ind1=" " ind2=" ">
    <subfield code="c">DELETED</subfield>
  </datafield>
</record>
<record>
  <controlfield tag="001">948</controlfield>
  <controlfield tag="005">20150626210015.0</controlfield>
  <datafield tag="980" ind1=" " ind2=" ">
    <subfield code="c">DELETED</subfield>
  </datafield>
</record>
<record>
  <controlfield tag="001">944</controlfield>
  <controlfield tag="005">20150626210016.0</controlfield>
  <datafield tag="980" ind1=" " ind2=" ">
    <subfield code="c">DELETED</subfield>
  </datafield>
</record>
<record>
  <controlfield tag="001">943</controlfield>
  <controlfield tag="005">20150626210016.0</controlfield>
  <datafield tag="980" ind1=" " ind2=" ">
    <subfield code="c">DELETED</subfield>
  </datafield>
</record>
<record>
  <controlfield tag="001">941</controlfield>
  <controlfield tag="005">20150626210016.0</controlfield>
  <datafield tag="980" ind1=" " ind2=" ">
    <subfield code="c">DELETED</subfield>
  </datafield>
</record>
<record>
  <controlfield tag="001">956</controlfield>
  <controlfield tag="005">20150626210015.0</controlfield>
  <datafield tag="980" ind1=" " ind2=" ">
    <subfield code="c">DELETED</subfield>
  </datafield>
</record>
<record>
  <controlfield tag="001">953</controlfield>
  <controlfield tag="005">20150626210015.0</controlfield>
  <datafield tag="980" ind1=" " ind2=" ">
    <subfield code="c">DELETED</subfield>
  </datafield>
</record>
<record>
  <controlfield tag="001">951</controlfield>
  <controlfield tag="005">20150626210015.0</controlfield>
  <datafield tag="980" ind1=" " ind2=" ">
    <subfield code="c">DELETED</subfield>
  </datafield>
</record>
<record>
  <controlfield tag="001">968</controlfield>
  <controlfield tag="005">20150626210014.0</controlfield>
  <datafield tag="980" ind1=" " ind2=" ">
    <subfield code="c">DELETED</subfield>
  </datafield>
</record>
<record>
  <controlfield tag="001">967</controlfield>
  <controlfield tag="005">20150626210014.0</controlfield>
  <datafield tag="980" ind1=" " ind2=" ">
    <subfield code="c">DELETED</subfield>
  </datafield>
</record>
<record>
  <controlfield tag="001">976</controlfield>
  <controlfield tag="005">20150626210014.0</controlfield>
  <datafield tag="980" ind1=" " ind2=" ">
    <subfield code="c">DELETED</subfield>
  </datafield>
</record>
<record>
  <controlfield tag="001">974</controlfield>
  <controlfield tag="005">20150626210014.0</controlfield>
  <datafield tag="980" ind1=" " ind2=" ">
    <subfield code="c">DELETED</subfield>
  </datafield>
</record>
<record>
  <controlfield tag="001">1005</controlfield>
  <controlfield tag="005">20150626210012.0</controlfield>
  <datafield tag="980" ind1=" " ind2=" ">
    <subfield code="c">DELETED</subfield>
  </datafield>
</record>
<record>
  <controlfield tag="001">999</controlfield>
  <controlfield tag="005">20150626210013.0</controlfield>
  <datafield tag="980" ind1=" " ind2=" ">
    <subfield code="c">DELETED</subfield>
  </datafield>
</record>
<record>
  <controlfield tag="001">998</controlfield>
  <controlfield tag="005">20150626210013.0</controlfield>
  <datafield tag="980" ind1=" " ind2=" ">
    <subfield code="c">DELETED</subfield>
  </datafield>
</record>
<record>
  <controlfield tag="001">995</controlfield>
  <controlfield tag="005">20150626210013.0</controlfield>
  <datafield tag="980" ind1=" " ind2=" ">
    <subfield code="c">DELETED</subfield>
  </datafield>
</record>
<record>
  <controlfield tag="001">1016</controlfield>
  <controlfield tag="005">20150626210012.0</controlfield>
  <datafield tag="980" ind1=" " ind2=" ">
    <subfield code="c">DELETED</subfield>
  </datafield>
</record>
<record>
  <controlfield tag="001">1014</controlfield>
  <controlfield tag="005">20150626210012.0</controlfield>
  <datafield tag="980" ind1=" " ind2=" ">
    <subfield code="c">DELETED</subfield>
  </datafield>
</record>
<record>
  <controlfield tag="001">1056</controlfield>
  <controlfield tag="005">20150626210007.0</controlfield>
  <datafield tag="980" ind1=" " ind2=" ">
    <subfield code="c">DELETED</subfield>
  </datafield>
</record>
<record>
  <controlfield tag="001">1018</controlfield>
  <controlfield tag="005">20150626210011.0</controlfield>
  <datafield tag="980" ind1=" " ind2=" ">
    <subfield code="c">DELETED</subfield>
  </datafield>
</record>
<record>
  <controlfield tag="001">1234</controlfield>
  <controlfield tag="005">20150626205943.0</controlfield>
  <datafield tag="980" ind1=" " ind2=" ">
    <subfield code="c">DELETED</subfield>
  </datafield>
</record>
<record>
  <controlfield tag="001">1207</controlfield>
  <controlfield tag="005">20150626205946.0</controlfield>
  <datafield tag="980" ind1=" " ind2=" ">
    <subfield code="c">DELETED</subfield>
  </datafield>
</record>
<record>
  <controlfield tag="001">1188</controlfield>
  <controlfield tag="005">20150626205948.0</controlfield>
  <datafield tag="961" ind1=" " ind2=" ">
    <subfield code="c">20040419</subfield>
    <subfield code="h">0700</subfield>
    <subfield code="l">IEX01</subfield>
    <subfield code="x">20040419</subfield>
  </datafield>
  <datafield tag="970" ind1=" " ind2=" ">
    <subfield code="a">000003315IEX</subfield>
  </datafield>
  <datafield tag="980" ind1=" " ind2=" ">
    <subfield code="a">UNKNOWN</subfield>
  </datafield>
  <datafield tag="980" ind1=" " ind2=" ">
    <subfield code="c">DELETED</subfield>
  </datafield>
</record>
<record>
  <controlfield tag="001">1111</controlfield>
  <controlfield tag="005">20150626210000.0</controlfield>
  <datafield tag="980" ind1=" " ind2=" ">
    <subfield code="c">DELETED</subfield>
  </datafield>
</record>
<record>
  <controlfield tag="001">1353</controlfield>
  <controlfield tag="005">20150626205928.0</controlfield>
  <datafield tag="980" ind1=" " ind2=" ">
    <subfield code="c">DELETED</subfield>
  </datafield>
</record>
<record>
  <controlfield tag="001">1350</controlfield>
  <controlfield tag="005">20150626205928.0</controlfield>
  <datafield tag="980" ind1=" " ind2=" ">
    <subfield code="c">DELETED</subfield>
  </datafield>
</record>
<record>
  <controlfield tag="001">1297</controlfield>
  <controlfield tag="005">20150626205934.0</controlfield>
  <datafield tag="980" ind1=" " ind2=" ">
    <subfield code="c">DELETED</subfield>
  </datafield>
</record>
<record>
  <controlfield tag="001">1287</controlfield>
  <controlfield tag="005">20150626205936.0</controlfield>
  <datafield tag="980" ind1=" " ind2=" ">
    <subfield code="c">DELETED</subfield>
  </datafield>
</record>
<record>
  <controlfield tag="001">1280</controlfield>
  <controlfield tag="005">20150626205937.0</controlfield>
  <datafield tag="980" ind1=" " ind2=" ">
    <subfield code="c">DELETED</subfield>
  </datafield>
</record>
<record>
  <controlfield tag="001">1252</controlfield>
  <controlfield tag="005">20150626205941.0</controlfield>
  <datafield tag="980" ind1=" " ind2=" ">
    <subfield code="c">DELETED</subfield>
  </datafield>
</record>
<record>
  <controlfield tag="001">1247</controlfield>
  <controlfield tag="005">20150626205941.0</controlfield>
  <datafield tag="980" ind1=" " ind2=" ">
    <subfield code="c">DELETED</subfield>
  </datafield>
</record>
<record>
  <controlfield tag="001">1238</controlfield>
  <controlfield tag="005">20150626205942.0</controlfield>
  <datafield tag="980" ind1=" " ind2=" ">
    <subfield code="c">DELETED</subfield>
  </datafield>
</record>
<record>
  <controlfield tag="001">1530</controlfield>
  <controlfield tag="005">20150626205902.0</controlfield>
  <datafield tag="980" ind1=" " ind2=" ">
    <subfield code="c">DELETED</subfield>
  </datafield>
</record>
<record>
  <controlfield tag="001">1377</controlfield>
  <controlfield tag="005">20150626205923.0</controlfield>
  <datafield tag="980" ind1=" " ind2=" ">
    <subfield code="c">DELETED</subfield>
  </datafield>
</record>
<record>
  <controlfield tag="001">1370</controlfield>
  <controlfield tag="005">20150626205925.0</controlfield>
  <datafield tag="980" ind1=" " ind2=" ">
    <subfield code="c">DELETED</subfield>
  </datafield>
</record>
<record>
  <controlfield tag="001">1796</controlfield>
  <controlfield tag="005">20150626205826.0</controlfield>
  <datafield tag="980" ind1=" " ind2=" ">
    <subfield code="c">DELETED</subfield>
  </datafield>
</record>
<record>
  <controlfield tag="001">1743</controlfield>
  <controlfield tag="005">20150626205833.0</controlfield>
  <datafield tag="980" ind1=" " ind2=" ">
    <subfield code="c">DELETED</subfield>
  </datafield>
</record>
<record>
  <controlfield tag="001">4917</controlfield>
  <controlfield tag="005">20150626205330.0</controlfield>
  <datafield tag="980" ind1=" " ind2=" ">
    <subfield code="c">DELETED</subfield>
  </datafield>
</record>
<record>
  <controlfield tag="001">772</controlfield>
  <controlfield tag="005">20150626204755.0</controlfield>
  <datafield tag="980" ind1=" " ind2=" ">
    <subfield code="c">DELETED</subfield>
  </datafield>
</record>
<record>
  <controlfield tag="001">768</controlfield>
  <controlfield tag="005">20150626204756.0</controlfield>
  <datafield tag="980" ind1=" " ind2=" ">
    <subfield code="c">DELETED</subfield>
  </datafield>
</record>
<record>
  <controlfield tag="001">767</controlfield>
  <controlfield tag="005">20150626204756.0</controlfield>
  <datafield tag="980" ind1=" " ind2=" ">
    <subfield code="c">DELETED</subfield>
  </datafield>
</record>
<record>
  <controlfield tag="001">765</controlfield>
  <controlfield tag="005">20150626204756.0</controlfield>
  <datafield tag="980" ind1=" " ind2=" ">
    <subfield code="c">DELETED</subfield>
  </datafield>
</record>
<record>
  <controlfield tag="001">761</controlfield>
  <controlfield tag="005">20150626204757.0</controlfield>
  <datafield tag="980" ind1=" " ind2=" ">
    <subfield code="c">DELETED</subfield>
  </datafield>
</record>
<record>
  <controlfield tag="001">748</controlfield>
  <controlfield tag="005">20150626204800.0</controlfield>
  <datafield tag="980" ind1=" " ind2=" ">
    <subfield code="c">DELETED</subfield>
  </datafield>
</record>
<record>
  <controlfield tag="001">741</controlfield>
  <controlfield tag="005">20150626204801.0</controlfield>
  <datafield tag="980" ind1=" " ind2=" ">
    <subfield code="c">DELETED</subfield>
  </datafield>
</record>
<record>
  <controlfield tag="001">739</controlfield>
  <controlfield tag="005">20150626204801.0</controlfield>
  <datafield tag="980" ind1=" " ind2=" ">
    <subfield code="c">DELETED</subfield>
  </datafield>
</record>
<record>
  <controlfield tag="001">738</controlfield>
  <controlfield tag="005">20150626204801.0</controlfield>
  <datafield tag="980" ind1=" " ind2=" ">
    <subfield code="c">DELETED</subfield>
  </datafield>
</record>
<record>
  <controlfield tag="001">723</controlfield>
  <controlfield tag="005">20150626204805.0</controlfield>
  <datafield tag="980" ind1=" " ind2=" ">
    <subfield code="c">DELETED</subfield>
  </datafield>
</record>
<record>
  <controlfield tag="001">721</controlfield>
  <controlfield tag="005">20150626204805.0</controlfield>
  <datafield tag="980" ind1=" " ind2=" ">
    <subfield code="c">DELETED</subfield>
  </datafield>
</record>
<record>
  <controlfield tag="001">715</controlfield>
  <controlfield tag="005">20150626204807.0</controlfield>
  <datafield tag="980" ind1=" " ind2=" ">
    <subfield code="c">DELETED</subfield>
  </datafield>
</record>
<record>
  <controlfield tag="001">713</controlfield>
  <controlfield tag="005">20150626204807.0</controlfield>
  <datafield tag="980" ind1=" " ind2=" ">
    <subfield code="c">DELETED</subfield>
  </datafield>
</record>
<record>
  <controlfield tag="001">712</controlfield>
  <controlfield tag="005">20150626204807.0</controlfield>
  <datafield tag="980" ind1=" " ind2=" ">
    <subfield code="c">DELETED</subfield>
  </datafield>
</record>
<record>
  <controlfield tag="001">703</controlfield>
  <controlfield tag="005">20150602083038.0</controlfield>
  <datafield tag="245" ind1=" " ind2=" ">
    <subfield code="a">No caption</subfield>
  </datafield>
  <datafield tag="596" ind1=" " ind2=" ">
    <subfield code="a">Updated 774 value on run 1433182321</subfield>
  </datafield>
  <datafield tag="774" ind1=" " ind2=" ">
    <subfield code="a">ALBUM</subfield>
    <subfield code="r">752472</subfield>
  </datafield>
  <datafield tag="980" ind1=" " ind2=" ">
    <subfield code="c">DELETED</subfield>
  </datafield>
</record>
<record>
  <controlfield tag="001">702</controlfield>
  <controlfield tag="005">20150602083037.0</controlfield>
  <datafield tag="245" ind1=" " ind2=" ">
    <subfield code="a">No caption</subfield>
  </datafield>
  <datafield tag="596" ind1=" " ind2=" ">
    <subfield code="a">Updated 774 value on run 1433182321</subfield>
  </datafield>
  <datafield tag="774" ind1=" " ind2=" ">
    <subfield code="a">ALBUM</subfield>
    <subfield code="r">752472</subfield>
  </datafield>
  <datafield tag="980" ind1=" " ind2=" ">
    <subfield code="c">DELETED</subfield>
  </datafield>
</record>
<record>
  <controlfield tag="001">696</controlfield>
  <controlfield tag="005">20121211102331.0</controlfield>
  <datafield tag="980" ind1=" " ind2=" ">
    <subfield code="c">DELETED</subfield>
  </datafield>
</record>
<record>
  <controlfield tag="001">695</controlfield>
  <controlfield tag="005">20121211102331.0</controlfield>
  <datafield tag="980" ind1=" " ind2=" ">
    <subfield code="c">DELETED</subfield>
  </datafield>
</record>
<record>
  <controlfield tag="001">693</controlfield>
  <controlfield tag="005">20121211102331.0</controlfield>
  <datafield tag="980" ind1=" " ind2=" ">
    <subfield code="c">DELETED</subfield>
  </datafield>
</record>
<record>
  <controlfield tag="001">691</controlfield>
  <controlfield tag="005">20121211102331.0</controlfield>
  <datafield tag="980" ind1=" " ind2=" ">
    <subfield code="c">DELETED</subfield>
  </datafield>
</record>
<record>
  <controlfield tag="001">688</controlfield>
  <controlfield tag="005">20121211102331.0</controlfield>
  <datafield tag="980" ind1=" " ind2=" ">
    <subfield code="c">DELETED</subfield>
  </datafield>
</record>
<record>
  <controlfield tag="001">684</controlfield>
  <controlfield tag="005">20121211102331.0</controlfield>
  <datafield tag="980" ind1=" " ind2=" ">
    <subfield code="c">DELETED</subfield>
  </datafield>
</record>
<record>
  <controlfield tag="001">676</controlfield>
  <controlfield tag="005">20121211102331.0</controlfield>
  <datafield tag="980" ind1=" " ind2=" ">
    <subfield code="c">DELETED</subfield>
  </datafield>
</record>
<record>
  <controlfield tag="001">668</controlfield>
  <controlfield tag="005">20121211102331.0</controlfield>
  <datafield tag="980" ind1=" " ind2=" ">
    <subfield code="c">DELETED</subfield>
  </datafield>
</record>
<record>
  <controlfield tag="001">653</controlfield>
  <controlfield tag="005">20121211102330.0</controlfield>
  <datafield tag="980" ind1=" " ind2=" ">
    <subfield code="c">DELETED</subfield>
  </datafield>
</record>
<record>
  <controlfield tag="001">651</controlfield>
  <controlfield tag="005">20121211102330.0</controlfield>
  <datafield tag="980" ind1=" " ind2=" ">
    <subfield code="c">DELETED</subfield>
  </datafield>
</record>
<record>
  <controlfield tag="001">650</controlfield>
  <controlfield tag="005">20121211102330.0</controlfield>
  <datafield tag="980" ind1=" " ind2=" ">
    <subfield code="c">DELETED</subfield>
  </datafield>
</record>
<record>
  <controlfield tag="001">648</controlfield>
  <controlfield tag="005">20121211102330.0</controlfield>
  <datafield tag="980" ind1=" " ind2=" ">
    <subfield code="c">DELETED</subfield>
  </datafield>
</record>
<record>
  <controlfield tag="001">645</controlfield>
  <controlfield tag="005">20121211102330.0</controlfield>
  <datafield tag="980" ind1=" " ind2=" ">
    <subfield code="c">DELETED</subfield>
  </datafield>
</record>
<record>
  <controlfield tag="001">644</controlfield>
  <controlfield tag="005">20121211102330.0</controlfield>
  <datafield tag="980" ind1=" " ind2=" ">
    <subfield code="c">DELETED</subfield>
  </datafield>
</record>
<record>
  <controlfield tag="001">641</controlfield>
  <controlfield tag="005">20121211102330.0</controlfield>
  <datafield tag="980" ind1=" " ind2=" ">
    <subfield code="c">DELETED</subfield>
  </datafield>
</record>
<record>
  <controlfield tag="001">640</controlfield>
  <controlfield tag="005">20121211102330.0</controlfield>
  <datafield tag="980" ind1=" " ind2=" ">
    <subfield code="c">DELETED</subfield>
  </datafield>
</record>
<record>
  <controlfield tag="001">626</controlfield>
  <controlfield tag="005">20121211102330.0</controlfield>
  <datafield tag="980" ind1=" " ind2=" ">
    <subfield code="c">DELETED</subfield>
  </datafield>
</record>
<record>
  <controlfield tag="001">615</controlfield>
  <controlfield tag="005">20121211102330.0</controlfield>
  <datafield tag="980" ind1=" " ind2=" ">
    <subfield code="c">DELETED</subfield>
  </datafield>
</record>
<record>
  <controlfield tag="001">612</controlfield>
  <controlfield tag="005">20121211102330.0</controlfield>
  <datafield tag="980" ind1=" " ind2=" ">
    <subfield code="c">DELETED</subfield>
  </datafield>
</record>
<record>
  <controlfield tag="001">599</controlfield>
  <controlfield tag="005">20121211102330.0</controlfield>
  <datafield tag="980" ind1=" " ind2=" ">
    <subfield code="c">DELETED</subfield>
  </datafield>
</record>
<record>
  <controlfield tag="001">589</controlfield>
  <controlfield tag="005">20121211102329.0</controlfield>
  <datafield tag="980" ind1=" " ind2=" ">
    <subfield code="c">DELETED</subfield>
  </datafield>
</record>
<record>
  <controlfield tag="001">564</controlfield>
  <controlfield tag="005">20121211102329.0</controlfield>
  <datafield tag="980" ind1=" " ind2=" ">
    <subfield code="c">DELETED</subfield>
  </datafield>
</record>
<record>
  <controlfield tag="001">563</controlfield>
  <controlfield tag="005">20121211102329.0</controlfield>
  <datafield tag="980" ind1=" " ind2=" ">
    <subfield code="c">DELETED</subfield>
  </datafield>
</record>
<record>
  <controlfield tag="001">560</controlfield>
  <controlfield tag="005">20121211102329.0</controlfield>
  <datafield tag="980" ind1=" " ind2=" ">
    <subfield code="c">DELETED</subfield>
  </datafield>
</record>
<record>
  <controlfield tag="001">525</controlfield>
  <controlfield tag="005">20121211102328.0</controlfield>
  <datafield tag="980" ind1=" " ind2=" ">
    <subfield code="c">DELETED</subfield>
  </datafield>
</record>
<record>
  <controlfield tag="001">523</controlfield>
  <controlfield tag="005">20121211102328.0</controlfield>
  <datafield tag="980" ind1=" " ind2=" ">
    <subfield code="c">DELETED</subfield>
  </datafield>
</record>
<record>
  <controlfield tag="001">520</controlfield>
  <controlfield tag="005">20121211102328.0</controlfield>
  <datafield tag="980" ind1=" " ind2=" ">
    <subfield code="c">DELETED</subfield>
  </datafield>
</record>
<record>
  <controlfield tag="001">518</controlfield>
  <controlfield tag="005">20121211102327.0</controlfield>
  <datafield tag="980" ind1=" " ind2=" ">
    <subfield code="c">DELETED</subfield>
  </datafield>
</record>
<record>
  <controlfield tag="001">501</controlfield>
  <controlfield tag="005">20121211102327.0</controlfield>
  <datafield tag="980" ind1=" " ind2=" ">
    <subfield code="c">DELETED</subfield>
  </datafield>
</record>
<record>
  <controlfield tag="001">497</controlfield>
  <controlfield tag="005">20121211102327.0</controlfield>
  <datafield tag="980" ind1=" " ind2=" ">
    <subfield code="c">DELETED</subfield>
  </datafield>
</record>
<record>
  <controlfield tag="001">496</controlfield>
  <controlfield tag="005">20121211102327.0</controlfield>
  <datafield tag="980" ind1=" " ind2=" ">
    <subfield code="c">DELETED</subfield>
  </datafield>
</record>
<record>
  <controlfield tag="001">490</controlfield>
  <controlfield tag="005">20121211102327.0</controlfield>
  <datafield tag="980" ind1=" " ind2=" ">
    <subfield code="c">DELETED</subfield>
  </datafield>
</record>
<record>
  <controlfield tag="001">486</controlfield>
  <controlfield tag="005">20121211102327.0</controlfield>
  <datafield tag="980" ind1=" " ind2=" ">
    <subfield code="c">DELETED</subfield>
  </datafield>
</record>
<record>
  <controlfield tag="001">471</controlfield>
  <controlfield tag="005">20121211102327.0</controlfield>
  <datafield tag="980" ind1=" " ind2=" ">
    <subfield code="c">DELETED</subfield>
  </datafield>
</record>
<record>
  <controlfield tag="001">454</controlfield>
  <controlfield tag="005">20121211102326.0</controlfield>
  <datafield tag="980" ind1=" " ind2=" ">
    <subfield code="c">DELETED</subfield>
  </datafield>
</record>
<record>
  <controlfield tag="001">453</controlfield>
  <controlfield tag="005">20121211102326.0</controlfield>
  <datafield tag="980" ind1=" " ind2=" ">
    <subfield code="c">DELETED</subfield>
  </datafield>
</record>
<record>
  <controlfield tag="001">449</controlfield>
  <controlfield tag="005">20121211102326.0</controlfield>
  <datafield tag="980" ind1=" " ind2=" ">
    <subfield code="c">DELETED</subfield>
  </datafield>
</record>
<record>
  <controlfield tag="001">448</controlfield>
  <controlfield tag="005">20121211102326.0</controlfield>
  <datafield tag="980" ind1=" " ind2=" ">
    <subfield code="c">DELETED</subfield>
  </datafield>
</record>
<record>
  <controlfield tag="001">443</controlfield>
  <controlfield tag="005">20121211102326.0</controlfield>
  <datafield tag="980" ind1=" " ind2=" ">
    <subfield code="c">DELETED</subfield>
  </datafield>
</record>
<record>
  <controlfield tag="001">442</controlfield>
  <controlfield tag="005">20121211102326.0</controlfield>
  <datafield tag="980" ind1=" " ind2=" ">
    <subfield code="c">DELETED</subfield>
  </datafield>
</record>
<record>
  <controlfield tag="001">441</controlfield>
  <controlfield tag="005">20121211102326.0</controlfield>
  <datafield tag="980" ind1=" " ind2=" ">
    <subfield code="c">DELETED</subfield>
  </datafield>
</record>
<record>
  <controlfield tag="001">439</controlfield>
  <controlfield tag="005">20121211102326.0</controlfield>
  <datafield tag="980" ind1=" " ind2=" ">
    <subfield code="c">DELETED</subfield>
  </datafield>
</record>
<record>
  <controlfield tag="001">436</controlfield>
  <controlfield tag="005">20121211102326.0</controlfield>
  <datafield tag="980" ind1=" " ind2=" ">
    <subfield code="c">DELETED</subfield>
  </datafield>
</record>
<record>
  <controlfield tag="001">433</controlfield>
  <controlfield tag="005">20121211102326.0</controlfield>
  <datafield tag="980" ind1=" " ind2=" ">
    <subfield code="c">DELETED</subfield>
  </datafield>
</record>
<record>
  <controlfield tag="001">431</controlfield>
  <controlfield tag="005">20121211102326.0</controlfield>
  <datafield tag="980" ind1=" " ind2=" ">
    <subfield code="c">DELETED</subfield>
  </datafield>
</record>
<record>
  <controlfield tag="001">428</controlfield>
  <controlfield tag="005">20121211102326.0</controlfield>
  <datafield tag="980" ind1=" " ind2=" ">
    <subfield code="c">DELETED</subfield>
  </datafield>
</record>
<record>
  <controlfield tag="001">427</controlfield>
  <controlfield tag="005">20121211102326.0</controlfield>
  <datafield tag="980" ind1=" " ind2=" ">
    <subfield code="c">DELETED</subfield>
  </datafield>
</record>
<record>
  <controlfield tag="001">424</controlfield>
  <controlfield tag="005">20121211102326.0</controlfield>
  <datafield tag="980" ind1=" " ind2=" ">
    <subfield code="c">DELETED</subfield>
  </datafield>
</record>
<record>
  <controlfield tag="001">422</controlfield>
  <controlfield tag="003">SzGeCERN</controlfield>
  <datafield tag="110" ind1=" " ind2=" ">
    <subfield code="a">Universit&amp;agrave di Cagliari/INFN</subfield>
  </datafield>
  <datafield tag="270" ind1=" " ind2=" ">
    <subfield code="b">Monserrato</subfield>
    <subfield code="e">IT-09042</subfield>
    <subfield code="s">CAGLIARI</subfield>
  </datafield>
  <datafield tag="270" ind1=" " ind2=" ">
    <subfield code="k">+39 70 67 08 33</subfield>
  </datafield>
  <datafield tag="270" ind1=" " ind2=" ">
    <subfield code="k">+39 70 67 08 35</subfield>
  </datafield>
  <datafield tag="270" ind1=" " ind2=" ">
    <subfield code="k">+39 70 67 08 34</subfield>
  </datafield>
  <datafield tag="270" ind1=" " ind2=" ">
    <subfield code="p">Prof. Sergio Serci</subfield>
  </datafield>
  <datafield tag="270" ind1=" " ind2=" ">
    <subfield code="a">CP 170</subfield>
  </datafield>
  <datafield tag="270" ind1=" " ind2=" ">
    <subfield code="a">Strada Provinciale per Sestu</subfield>
  </datafield>
  <datafield tag="270" ind1=" " ind2=" ">
    <subfield code="l">+39 70 65 78 23</subfield>
  </datafield>
  <datafield tag="270" ind1=" " ind2=" ">
    <subfield code="d">ITALY</subfield>
  </datafield>
  <datafield tag="270" ind1=" " ind2=" ">
    <subfield code="9">792134 infnca i</subfield>
  </datafield>
  <datafield tag="270" ind1=" " ind2=" ">
    <subfield code="k">+39 70 67 08 36</subfield>
  </datafield>
  <datafield tag="500" ind1=" " ind2=" ">
    <subfield code="a">Nuclear theory, perturbative QCD, theoretical and experimental neutrino physics, $\overline{p}$p and $\overline{N}$N collisions at LEAR, lattice QCD, chaotic dynamics</subfield>
  </datafield>
  <datafield tag="595" ind1=" " ind2=" ">
    <subfield code="a">Univ. Cagliari</subfield>
  </datafield>
  <datafield tag="690" ind1="C" ind2=" ">
    <subfield code="a">theoretical</subfield>
  </datafield>
  <datafield tag="856" ind1="4" ind2=" ">
    <subfield code="u">http://www.ca.infn.it</subfield>
    <subfield code="y">Organization URL</subfield>
  </datafield>
  <datafield tag="859" ind1=" " ind2=" ">
    <subfield code="f">system@vaxca.infn.it</subfield>
  </datafield>
  <datafield tag="916" ind1=" " ind2=" ">
    <subfield code="s">n</subfield>
    <subfield code="w">200829</subfield>
  </datafield>
  <datafield tag="960" ind1=" " ind2=" ">
    <subfield code="a">79</subfield>
  </datafield>
  <datafield tag="961" ind1=" " ind2=" ">
    <subfield code="c">20080718</subfield>
    <subfield code="h">0603</subfield>
    <subfield code="l">IEX01</subfield>
    <subfield code="x">20080718</subfield>
  </datafield>
  <datafield tag="963" ind1=" " ind2=" ">
    <subfield code="a">PUBLIC</subfield>
  </datafield>
  <datafield tag="970" ind1=" " ind2=" ">
    <subfield code="a">000000535IEX</subfield>
  </datafield>
  <datafield tag="980" ind1=" " ind2=" ">
    <subfield code="a">DIRPARENT</subfield>
  </datafield>
</record>
<record>
  <controlfield tag="001">421</controlfield>
  <controlfield tag="003">SzGeCERN</controlfield>
  <datafield tag="110" ind1=" " ind2=" ">
    <subfield code="a">Universit&amp;agrave &amp; INFN, Bologna</subfield>
  </datafield>
  <datafield tag="270" ind1=" " ind2=" ">
    <subfield code="b">Bologna</subfield>
  </datafield>
  <datafield tag="270" ind1=" " ind2=" ">
    <subfield code="k">+39 51 630 520 9INFN</subfield>
  </datafield>
  <datafield tag="270" ind1=" " ind2=" ">
    <subfield code="k">+39 51 209 100 4switchboardUniv</subfield>
  </datafield>
  <datafield tag="270" ind1=" " ind2=" ">
    <subfield code="k">+39 51 209 525 5Univphysicsdept</subfield>
  </datafield>
  <datafield tag="270" ind1=" " ind2=" ">
    <subfield code="p">Prof. Paolo Giusti</subfield>
  </datafield>
  <datafield tag="270" ind1=" " ind2=" ">
    <subfield code="a">via Irnerio 46</subfield>
  </datafield>
  <datafield tag="270" ind1=" " ind2=" ">
    <subfield code="l">+39 51 243 052 INFN</subfield>
  </datafield>
  <datafield tag="270" ind1=" " ind2=" ">
    <subfield code="l">+39 51 24 72 44</subfield>
  </datafield>
  <datafield tag="270" ind1=" " ind2=" ">
    <subfield code="l">+39 51 252 774 physicsdept</subfield>
  </datafield>
  <datafield tag="270" ind1=" " ind2=" ">
    <subfield code="d">ITALY</subfield>
  </datafield>
  <datafield tag="270" ind1=" " ind2=" ">
    <subfield code="k">+39 51 209 512 6switchboardINFN</subfield>
  </datafield>
  <datafield tag="500" ind1=" " ind2=" ">
    <subfield code="a">phenomenology of strong and electroweak interactions, radiative corrections, nuclear theory, field theory and gravitation, mathematical physcis, nonlinear phenomena;</subfield>
  </datafield>
  <datafield tag="500" ind1=" " ind2=" ">
    <subfield code="a">LEP-DELPHI/L3/OPAL, HERA-ZEUS/HERAB, FNAL-CDF, Space-AMS, Gran Sasso-LVD/MACRO, LHC-CMS, LEAR-OBELIX2, LNL-GARFIELD, LNS-OUVERTURE</subfield>
  </datafield>
  <datafield tag="595" ind1=" " ind2=" ">
    <subfield code="a">Univ. Bologna</subfield>
  </datafield>
  <datafield tag="690" ind1="C" ind2=" ">
    <subfield code="a">theoretical</subfield>
  </datafield>
  <datafield tag="859" ind1=" " ind2=" ">
    <subfield code="f">user@bo.infn.it</subfield>
  </datafield>
  <datafield tag="859" ind1=" " ind2=" ">
    <subfield code="f">user@bologna.infn.it</subfield>
  </datafield>
  <datafield tag="916" ind1=" " ind2=" ">
    <subfield code="s">n</subfield>
    <subfield code="w">200829</subfield>
  </datafield>
  <datafield tag="960" ind1=" " ind2=" ">
    <subfield code="a">79</subfield>
  </datafield>
  <datafield tag="961" ind1=" " ind2=" ">
    <subfield code="c">20080718</subfield>
    <subfield code="h">0603</subfield>
    <subfield code="l">IEX01</subfield>
    <subfield code="x">20080718</subfield>
  </datafield>
  <datafield tag="963" ind1=" " ind2=" ">
    <subfield code="a">PUBLIC</subfield>
  </datafield>
  <datafield tag="970" ind1=" " ind2=" ">
    <subfield code="a">000000533IEX</subfield>
  </datafield>
  <datafield tag="980" ind1=" " ind2=" ">
    <subfield code="a">DIRPARENT</subfield>
  </datafield>
</record>
<record>
  <controlfield tag="001">375</controlfield>
  <controlfield tag="005">20121211102325.0</controlfield>
  <datafield tag="980" ind1=" " ind2=" ">
    <subfield code="c">DELETED</subfield>
  </datafield>
</record>
<record>
  <controlfield tag="001">369</controlfield>
  <controlfield tag="005">20121211102325.0</controlfield>
  <datafield tag="980" ind1=" " ind2=" ">
    <subfield code="c">DELETED</subfield>
  </datafield>
</record>
<record>
  <controlfield tag="001">360</controlfield>
  <controlfield tag="005">20121211102325.0</controlfield>
  <datafield tag="980" ind1=" " ind2=" ">
    <subfield code="c">DELETED</subfield>
  </datafield>
</record>
<record>
  <controlfield tag="001">358</controlfield>
  <controlfield tag="005">20121211102325.0</controlfield>
  <datafield tag="980" ind1=" " ind2=" ">
    <subfield code="c">DELETED</subfield>
  </datafield>
</record>
<record>
  <controlfield tag="001">356</controlfield>
  <controlfield tag="005">20121211102325.0</controlfield>
  <datafield tag="980" ind1=" " ind2=" ">
    <subfield code="c">DELETED</subfield>
  </datafield>
</record>
<record>
  <controlfield tag="001">346</controlfield>
  <controlfield tag="005">20121211102325.0</controlfield>
  <datafield tag="980" ind1=" " ind2=" ">
    <subfield code="c">DELETED</subfield>
  </datafield>
</record>
<record>
  <controlfield tag="001">337</controlfield>
  <controlfield tag="005">20121211102324.0</controlfield>
  <datafield tag="980" ind1=" " ind2=" ">
    <subfield code="c">DELETED</subfield>
  </datafield>
</record>
<record>
  <controlfield tag="001">333</controlfield>
  <controlfield tag="005">20121211102324.0</controlfield>
  <datafield tag="980" ind1=" " ind2=" ">
    <subfield code="c">DELETED</subfield>
  </datafield>
</record>
<record>
  <controlfield tag="001">331</controlfield>
  <controlfield tag="005">20121211102324.0</controlfield>
  <datafield tag="980" ind1=" " ind2=" ">
    <subfield code="c">DELETED</subfield>
  </datafield>
</record>
<record>
  <controlfield tag="001">330</controlfield>
  <controlfield tag="005">20121211102324.0</controlfield>
  <datafield tag="980" ind1=" " ind2=" ">
    <subfield code="c">DELETED</subfield>
  </datafield>
</record>
<record>
  <controlfield tag="001">325</controlfield>
  <controlfield tag="005">20121211102324.0</controlfield>
  <datafield tag="980" ind1=" " ind2=" ">
    <subfield code="c">DELETED</subfield>
  </datafield>
</record>
<record>
  <controlfield tag="001">321</controlfield>
  <controlfield tag="005">20121211102324.0</controlfield>
  <datafield tag="980" ind1=" " ind2=" ">
    <subfield code="c">DELETED</subfield>
  </datafield>
</record>
<record>
  <controlfield tag="001">317</controlfield>
  <controlfield tag="005">20121211102324.0</controlfield>
  <datafield tag="980" ind1=" " ind2=" ">
    <subfield code="c">DELETED</subfield>
  </datafield>
</record>
<record>
  <controlfield tag="001">314</controlfield>
  <controlfield tag="005">20121211102324.0</controlfield>
  <datafield tag="980" ind1=" " ind2=" ">
    <subfield code="c">DELETED</subfield>
  </datafield>
</record>
<record>
  <controlfield tag="001">313</controlfield>
  <controlfield tag="005">20121211102324.0</controlfield>
  <datafield tag="980" ind1=" " ind2=" ">
    <subfield code="c">DELETED</subfield>
  </datafield>
</record>
<record>
  <controlfield tag="001">309</controlfield>
  <controlfield tag="005">20121211102324.0</controlfield>
  <datafield tag="980" ind1=" " ind2=" ">
    <subfield code="c">DELETED</subfield>
  </datafield>
</record>
<record>
  <controlfield tag="001">302</controlfield>
  <controlfield tag="005">20121211102324.0</controlfield>
  <datafield tag="980" ind1=" " ind2=" ">
    <subfield code="c">DELETED</subfield>
  </datafield>
</record>
<record>
  <controlfield tag="001">301</controlfield>
  <controlfield tag="005">20121211102324.0</controlfield>
  <datafield tag="980" ind1=" " ind2=" ">
    <subfield code="c">DELETED</subfield>
  </datafield>
</record>
<record>
  <controlfield tag="001">293</controlfield>
  <controlfield tag="005">20121211102323.0</controlfield>
  <datafield tag="980" ind1=" " ind2=" ">
    <subfield code="c">DELETED</subfield>
  </datafield>
</record>
<record>
  <controlfield tag="001">292</controlfield>
  <controlfield tag="005">20121211102323.0</controlfield>
  <datafield tag="980" ind1=" " ind2=" ">
    <subfield code="c">DELETED</subfield>
  </datafield>
</record>
<record>
  <controlfield tag="001">290</controlfield>
  <controlfield tag="005">20121211102323.0</controlfield>
  <datafield tag="980" ind1=" " ind2=" ">
    <subfield code="c">DELETED</subfield>
  </datafield>
</record>
<record>
  <controlfield tag="001">282</controlfield>
  <controlfield tag="005">20121211102323.0</controlfield>
  <datafield tag="980" ind1=" " ind2=" ">
    <subfield code="c">DELETED</subfield>
  </datafield>
</record>
<record>
  <controlfield tag="001">281</controlfield>
  <controlfield tag="005">20121211102323.0</controlfield>
  <datafield tag="980" ind1=" " ind2=" ">
    <subfield code="c">DELETED</subfield>
  </datafield>
</record>
<record>
  <controlfield tag="001">280</controlfield>
  <controlfield tag="005">20121211102323.0</controlfield>
  <datafield tag="980" ind1=" " ind2=" ">
    <subfield code="c">DELETED</subfield>
  </datafield>
</record>
<record>
  <controlfield tag="001">278</controlfield>
  <controlfield tag="005">20121211102323.0</controlfield>
  <datafield tag="980" ind1=" " ind2=" ">
    <subfield code="c">DELETED</subfield>
  </datafield>
</record>
<record>
  <controlfield tag="001">274</controlfield>
  <controlfield tag="005">20121211102322.0</controlfield>
  <datafield tag="980" ind1=" " ind2=" ">
    <subfield code="c">DELETED</subfield>
  </datafield>
</record>
<record>
  <controlfield tag="001">272</controlfield>
  <controlfield tag="005">20121211102322.0</controlfield>
  <datafield tag="980" ind1=" " ind2=" ">
    <subfield code="c">DELETED</subfield>
  </datafield>
</record>
<record>
  <controlfield tag="001">270</controlfield>
  <controlfield tag="005">20121211102322.0</controlfield>
  <datafield tag="980" ind1=" " ind2=" ">
    <subfield code="c">DELETED</subfield>
  </datafield>
</record>
<record>
  <controlfield tag="001">265</controlfield>
  <controlfield tag="005">20121211102322.0</controlfield>
  <datafield tag="980" ind1=" " ind2=" ">
    <subfield code="c">DELETED</subfield>
  </datafield>
</record>
<record>
  <controlfield tag="001">263</controlfield>
  <controlfield tag="005">20121211102322.0</controlfield>
  <datafield tag="980" ind1=" " ind2=" ">
    <subfield code="c">DELETED</subfield>
  </datafield>
</record>
<record>
  <controlfield tag="001">255</controlfield>
  <controlfield tag="005">20121211102322.0</controlfield>
  <datafield tag="980" ind1=" " ind2=" ">
    <subfield code="c">DELETED</subfield>
  </datafield>
</record>
<record>
  <controlfield tag="001">254</controlfield>
  <controlfield tag="005">20121211102322.0</controlfield>
  <datafield tag="980" ind1=" " ind2=" ">
    <subfield code="c">DELETED</subfield>
  </datafield>
</record>
<record>
  <controlfield tag="001">251</controlfield>
  <controlfield tag="005">20121211102322.0</controlfield>
  <datafield tag="980" ind1=" " ind2=" ">
    <subfield code="c">DELETED</subfield>
  </datafield>
</record>
<record>
  <controlfield tag="001">250</controlfield>
  <controlfield tag="005">20121211102322.0</controlfield>
  <datafield tag="980" ind1=" " ind2=" ">
    <subfield code="c">DELETED</subfield>
  </datafield>
</record>
<record>
  <controlfield tag="001">249</controlfield>
  <controlfield tag="005">20121211102322.0</controlfield>
  <datafield tag="980" ind1=" " ind2=" ">
    <subfield code="c">DELETED</subfield>
  </datafield>
</record>
<record>
  <controlfield tag="001">247</controlfield>
  <controlfield tag="005">20121211102322.0</controlfield>
  <datafield tag="980" ind1=" " ind2=" ">
    <subfield code="c">DELETED</subfield>
  </datafield>
</record>
<record>
  <controlfield tag="001">237</controlfield>
  <controlfield tag="005">20121211102322.0</controlfield>
  <datafield tag="980" ind1=" " ind2=" ">
    <subfield code="c">DELETED</subfield>
  </datafield>
</record>
<record>
  <controlfield tag="001">221</controlfield>
  <controlfield tag="005">20121211102322.0</controlfield>
  <datafield tag="980" ind1=" " ind2=" ">
    <subfield code="c">DELETED</subfield>
  </datafield>
</record>
<record>
  <controlfield tag="001">214</controlfield>
  <controlfield tag="005">20121211102321.0</controlfield>
  <datafield tag="980" ind1=" " ind2=" ">
    <subfield code="c">DELETED</subfield>
  </datafield>
</record>
<record>
  <controlfield tag="001">213</controlfield>
  <controlfield tag="005">20121211102321.0</controlfield>
  <datafield tag="980" ind1=" " ind2=" ">
    <subfield code="c">DELETED</subfield>
  </datafield>
</record>
<record>
  <controlfield tag="001">212</controlfield>
  <controlfield tag="005">20121211102321.0</controlfield>
  <datafield tag="980" ind1=" " ind2=" ">
    <subfield code="c">DELETED</subfield>
  </datafield>
</record>
<record>
  <controlfield tag="001">207</controlfield>
  <controlfield tag="005">20121211102321.0</controlfield>
  <datafield tag="980" ind1=" " ind2=" ">
    <subfield code="c">DELETED</subfield>
  </datafield>
</record>
<record>
  <controlfield tag="001">203</controlfield>
  <controlfield tag="005">20121211102321.0</controlfield>
  <datafield tag="980" ind1=" " ind2=" ">
    <subfield code="c">DELETED</subfield>
  </datafield>
</record>
<record>
  <controlfield tag="001">202</controlfield>
  <controlfield tag="005">20121211102321.0</controlfield>
  <datafield tag="980" ind1=" " ind2=" ">
    <subfield code="c">DELETED</subfield>
  </datafield>
</record>
<record>
  <controlfield tag="001">193</controlfield>
  <controlfield tag="005">20121211102321.0</controlfield>
  <datafield tag="980" ind1=" " ind2=" ">
    <subfield code="c">DELETED</subfield>
  </datafield>
</record>
<record>
  <controlfield tag="001">188</controlfield>
  <controlfield tag="005">20121211102321.0</controlfield>
  <datafield tag="980" ind1=" " ind2=" ">
    <subfield code="c">DELETED</subfield>
  </datafield>
</record>
<record>
  <controlfield tag="001">187</controlfield>
  <controlfield tag="005">20121211102321.0</controlfield>
  <datafield tag="980" ind1=" " ind2=" ">
    <subfield code="c">DELETED</subfield>
  </datafield>
</record>
<record>
  <controlfield tag="001">180</controlfield>
  <controlfield tag="005">20121211102321.0</controlfield>
  <datafield tag="980" ind1=" " ind2=" ">
    <subfield code="c">DELETED</subfield>
  </datafield>
</record>
<record>
  <controlfield tag="001">177</controlfield>
  <controlfield tag="005">20121211102321.0</controlfield>
  <datafield tag="980" ind1=" " ind2=" ">
    <subfield code="c">DELETED</subfield>
  </datafield>
</record>
<record>
  <controlfield tag="001">176</controlfield>
  <controlfield tag="005">20121211102321.0</controlfield>
  <datafield tag="980" ind1=" " ind2=" ">
    <subfield code="c">DELETED</subfield>
  </datafield>
</record>
<record>
  <controlfield tag="001">170</controlfield>
  <controlfield tag="005">20121211102320.0</controlfield>
  <datafield tag="980" ind1=" " ind2=" ">
    <subfield code="c">DELETED</subfield>
  </datafield>
</record>
<record>
  <controlfield tag="001">168</controlfield>
  <controlfield tag="005">20121211102320.0</controlfield>
  <datafield tag="980" ind1=" " ind2=" ">
    <subfield code="c">DELETED</subfield>
  </datafield>
</record>
<record>
  <controlfield tag="001">163</controlfield>
  <controlfield tag="005">20121211102320.0</controlfield>
  <datafield tag="980" ind1=" " ind2=" ">
    <subfield code="c">DELETED</subfield>
  </datafield>
</record>
<record>
  <controlfield tag="001">160</controlfield>
  <controlfield tag="005">20121211102320.0</controlfield>
  <datafield tag="980" ind1=" " ind2=" ">
    <subfield code="c">DELETED</subfield>
  </datafield>
</record>
<record>
  <controlfield tag="001">156</controlfield>
  <controlfield tag="005">20121211102320.0</controlfield>
  <datafield tag="980" ind1=" " ind2=" ">
    <subfield code="c">DELETED</subfield>
  </datafield>
</record>
<record>
  <controlfield tag="001">153</controlfield>
  <controlfield tag="005">20121211102320.0</controlfield>
  <datafield tag="980" ind1=" " ind2=" ">
    <subfield code="c">DELETED</subfield>
  </datafield>
</record>
<record>
  <controlfield tag="001">150</controlfield>
  <controlfield tag="005">20121211102320.0</controlfield>
  <datafield tag="980" ind1=" " ind2=" ">
    <subfield code="c">DELETED</subfield>
  </datafield>
</record>
<record>
  <controlfield tag="001">149</controlfield>
  <controlfield tag="005">20121211102320.0</controlfield>
  <datafield tag="980" ind1=" " ind2=" ">
    <subfield code="c">DELETED</subfield>
  </datafield>
</record>
<record>
  <controlfield tag="001">144</controlfield>
  <controlfield tag="005">20121211102320.0</controlfield>
  <datafield tag="980" ind1=" " ind2=" ">
    <subfield code="c">DELETED</subfield>
  </datafield>
</record>
<record>
  <controlfield tag="001">143</controlfield>
  <controlfield tag="005">20121211102320.0</controlfield>
  <datafield tag="980" ind1=" " ind2=" ">
    <subfield code="c">DELETED</subfield>
  </datafield>
</record>
<record>
  <controlfield tag="001">139</controlfield>
  <controlfield tag="005">20121211102320.0</controlfield>
  <datafield tag="980" ind1=" " ind2=" ">
    <subfield code="c">DELETED</subfield>
  </datafield>
</record>
<record>
  <controlfield tag="001">113</controlfield>
  <controlfield tag="005">20121211102319.0</controlfield>
  <datafield tag="980" ind1=" " ind2=" ">
    <subfield code="c">DELETED</subfield>
  </datafield>
</record>
<record>
  <controlfield tag="001">106</controlfield>
  <controlfield tag="005">20121211102319.0</controlfield>
  <datafield tag="980" ind1=" " ind2=" ">
    <subfield code="c">DELETED</subfield>
  </datafield>
</record>
<record xmlns="http://www.loc.gov/MARC21/slim">
	<controlfield tag="001">105</controlfield>
   <datafield tag="961" ind1="" ind2="">
      <subfield code="c">20061108</subfield>
      <subfield code="h">0700</subfield>
      <subfield code="l">IEX01</subfield>
      <subfield code="x">20061108</subfield>
   </datafield>
   <datafield tag="970" ind1="" ind2="">
      <subfield code="a">000000206IEX</subfield>
   </datafield>
   <datafield tag="980" ind1="" ind2="">
      <subfield code="a">UNKNOWN</subfield>
   </datafield>
   <datafield tag="980" ind1="" ind2="">
      <subfield code="c">DELETED</subfield>
   </datafield>
</record>

<record>
  <controlfield tag="001">104</controlfield>
  <controlfield tag="005">20121211102319.0</controlfield>
  <datafield tag="980" ind1=" " ind2=" ">
    <subfield code="c">DELETED</subfield>
  </datafield>
</record>
<record>
  <controlfield tag="001">101</controlfield>
  <controlfield tag="005">20121211102319.0</controlfield>
  <datafield tag="980" ind1=" " ind2=" ">
    <subfield code="c">DELETED</subfield>
  </datafield>
</record>
<record>
  <controlfield tag="001">100</controlfield>
  <controlfield tag="005">20121211102319.0</controlfield>
  <datafield tag="980" ind1=" " ind2=" ">
    <subfield code="c">DELETED</subfield>
  </datafield>
</record>
<record>
  <controlfield tag="001">99</controlfield>
  <controlfield tag="005">20121211102319.0</controlfield>
  <datafield tag="980" ind1=" " ind2=" ">
    <subfield code="c">DELETED</subfield>
  </datafield>
</record>
<record>
  <controlfield tag="001">92</controlfield>
  <controlfield tag="005">20121211102319.0</controlfield>
  <datafield tag="980" ind1=" " ind2=" ">
    <subfield code="c">DELETED</subfield>
  </datafield>
</record>
<record>
  <controlfield tag="001">74</controlfield>
  <controlfield tag="005">20121211102318.0</controlfield>
  <datafield tag="980" ind1=" " ind2=" ">
    <subfield code="c">DELETED</subfield>
  </datafield>
</record>
<record>
  <controlfield tag="001">71</controlfield>
  <controlfield tag="005">20121211102318.0</controlfield>
  <datafield tag="980" ind1=" " ind2=" ">
    <subfield code="c">DELETED</subfield>
  </datafield>
</record>
<record>
  <controlfield tag="001">84</controlfield>
  <controlfield tag="005">20121211102319.0</controlfield>
  <datafield tag="980" ind1=" " ind2=" ">
    <subfield code="c">DELETED</subfield>
  </datafield>
</record>
<record>
  <controlfield tag="001">46</controlfield>
  <controlfield tag="005">20121211102318.0</controlfield>
  <datafield tag="980" ind1=" " ind2=" ">
    <subfield code="c">DELETED</subfield>
  </datafield>
</record>
<record>
  <controlfield tag="001">44</controlfield>
  <controlfield tag="005">20121211102317.0</controlfield>
  <datafield tag="980" ind1=" " ind2=" ">
    <subfield code="c">DELETED</subfield>
  </datafield>
</record>
<record>
  <controlfield tag="001">42</controlfield>
  <controlfield tag="005">20121211102317.0</controlfield>
  <datafield tag="980" ind1=" " ind2=" ">
    <subfield code="c">DELETED</subfield>
  </datafield>
</record>
<record>
  <controlfield tag="001">36</controlfield>
  <controlfield tag="005">20121211102317.0</controlfield>
  <datafield tag="980" ind1=" " ind2=" ">
    <subfield code="c">DELETED</subfield>
  </datafield>
</record>
<record>
  <controlfield tag="001">33</controlfield>
  <controlfield tag="005">20121211102317.0</controlfield>
  <datafield tag="980" ind1=" " ind2=" ">
    <subfield code="c">DELETED</subfield>
  </datafield>
</record>
<record>
  <controlfield tag="001">32</controlfield>
  <controlfield tag="005">20121211102317.0</controlfield>
  <datafield tag="980" ind1=" " ind2=" ">
    <subfield code="c">DELETED</subfield>
  </datafield>
</record>
<record>
  <controlfield tag="001">26</controlfield>
  <controlfield tag="005">20121211102317.0</controlfield>
  <datafield tag="980" ind1=" " ind2=" ">
    <subfield code="c">DELETED</subfield>
  </datafield>
</record>
<record>
  <controlfield tag="001">25</controlfield>
  <controlfield tag="005">20121211102317.0</controlfield>
  <datafield tag="980" ind1=" " ind2=" ">
    <subfield code="c">DELETED</subfield>
  </datafield>
</record>
<record>
  <controlfield tag="001">18</controlfield>
  <controlfield tag="005">20121211102317.0</controlfield>
  <datafield tag="980" ind1=" " ind2=" ">
    <subfield code="c">DELETED</subfield>
  </datafield>
</record>
<record>
  <controlfield tag="001">14</controlfield>
  <controlfield tag="005">20121211102317.0</controlfield>
  <datafield tag="980" ind1=" " ind2=" ">
    <subfield code="c">DELETED</subfield>
  </datafield>
</record>
<record>
  <controlfield tag="001">11</controlfield>
  <controlfield tag="005">20121211102317.0</controlfield>
  <datafield tag="980" ind1=" " ind2=" ">
    <subfield code="c">DELETED</subfield>
  </datafield>
</record>

</collection>